[Event "Doroshkevich Memorial op"]
[Site "Sochi"]
[Date "2012.12.01"]
[Round "6"]
[White "Ostrovsky, Alexander"]
[Black "Mokhna, Natalia"]
[Result "1/2-1/2"]
[WhiteElo "2343"]
[BlackElo "2118"]
[PlyCount "76"]
[EventDate "2012.11.26"]
[EventType "swiss"]
[EventRounds "9"]
[EventCountry "RUS"]
[SourceTitle "EXT 2014"]
[Source "ChessBase"]
[SourceDate "2013.11.20"]
[SourceVersion "1"]
[SourceVersionDate "2013.11.20"]
[SourceQuality "1"]

1. e4 d6 2. d4 Nf6 3. Nc3 Nbd7 4. g3 e5 5. Nge2 Be7 6. Bg2 c6 7. a4 a5 8. h3 0-0 9. 0-0 Qc7 10. Be3 Re8 11. f4 b6 12. g4 Ba6 13. Rf2 Bxe2 14. Rxe2 exf4 15. Bxf4 Nf8 16. Qd3 Ng6 17. Bg3 Nd7 18. Qc4 Rac8 19. Rf1 Rf8 20. Ref2 Nf6 21. g5 Nh5 22. Rxf7 Rxf7 23. Qxf7+ Kh8 24. Bh2 Bxg5 25. Qxc7 Rxc7 26. Rf5 Be3+ 27. Kf1 Nhf4 28. Bxf4 Bxf4 29. h4 h5 30. Ne2 Be3 31. Rxh5+ Kg8 32. Bh3 Rf7+ 33. Rf5 Nxh4 34. Rxf7 Kxf7 35. c3 Kf6 36. b4 axb4 37. cxb4 Nf3 38. Bd7 Nxd4 1/2-1/2

[Event "Doroshkevich Memorial op"]
[Site "Sochi"]
[Date "2012.11.27"]
[Round "2"]
[White "Zalitko, Ivan"]
[Black "Mokhna, Natalia"]
[Result "1/2-1/2"]
[WhiteElo "1818"]
[BlackElo "2118"]
[PlyCount "94"]
[EventDate "2012.11.26"]
[EventType "swiss"]
[EventRounds "9"]
[EventCountry "RUS"]
[SourceTitle "EXT 2014"]
[Source "ChessBase"]
[SourceDate "2013.11.20"]
[SourceVersion "1"]
[SourceVersionDate "2013.11.20"]
[SourceQuality "1"]

1. d4 d6 2. Bf4 g6 3. e3 Bg7 4. Nf3 Nd7 5. Nbd2 e5 6. Bg3 Nh6 7. Bh4 f6 8. c3 0-0 9. dxe5 dxe5 10. Bc4+ Kh8 11. h3 Nf5 12. g4 Nxh4 13. Nxh4 Qe7 14. Qc2 f5 15. Nhf3 e4 16. Nd4 Ne5 17. gxf5 Nxc4 18. Nxc4 Bxf5 19. 0-0-0 a6 20. Nxf5 Rxf5 21. Rd2 b5 22. Na5 Re8 23. Rhd1 Qf6 24. Kb1 Bf8 25. Nb3 Bd6 26. Nd4 Rh5 27. Rh1 b4 28. Qa4 Rb8 29. c4 a5 30. Qc6 Qe7 31. Qa4 Qf7 32. Nb5 Qxc4 33. Nxd6 cxd6 34. Rxd6 Rc8 35. Rhd1 Rhc5 36. Rd8+ Kg7 37. Rxc8 Rxc8 38. Qd7+ Kh6 39. Qd2 b3 40. axb3 Qxb3 41. Rc1 Rxc1+ 42. Kxc1 Qc4+ 43. Kd1 a4 44. Ke1 Qb3 45. Qd4 Qc2 46. Qe5 Qc6 47. h4 Qb7 1/2-1/2

[Event "Anapa (Women)"]
[Site "Anapa"]
[Date "2009.09.06"]
[Round "10"]
[White "Baisalova, Aigul"]
[Black "Mokhna, Natalia"]
[Result "1-0"]
[WhiteElo "2100"]
[BlackElo "2161"]
[PlyCount "83"]
[EventDate "2009.08.30"]
[EventType "tourn"]
[EventRounds "13"]
[EventCountry "RUS"]
[SourceTitle "CBM 132 Extra"]
[Source "ChessBase"]
[SourceDate "2009.11.03"]
[SourceVersion "1"]
[SourceVersionDate "2009.11.03"]
[SourceQuality "1"]

1. e4 d6 2. d4 Nf6 3. Nc3 Nbd7 4. Bc4 e5 5. d5 g6 6. Be3 Bg7 7. f3 Nh5 8. Qd2 Nb6 9. Bb3 Qh4+ 10. Bf2 Qe7 11. Nge2 Bd7 12. g4 Nf6 13. 0-0-0 0-0-0 14. Kb1 Kb8 15. a4 Ne8 16. a5 Nc8 17. Na2 a6 18. Qb4 f5 19. gxf5 gxf5 20. Bc4 Ka8 21. Rd3 c5 22. dxc6 Bxc6 23. Nec3 fxe4 24. fxe4 Nc7 25. Nd5 Nxd5 26. exd5 Be8 27. Rb3 Qc7 28. Be2 Rf8 29. Bh4 Ne7 30. Rc3 Qd7 31. Bg4 Nxd5 32. Bxd7 Nxb4 33. Bxd8 Bxd7 34. Nxb4 Rxd8 35. Rg1 Bf8 36. Nd5 Kb8 37. Nf6 Bf5 38. Rf3 Bg6 39. h4 e4 40. Rff1 d5 41. h5 Be8 42. Nxe8 1-0

[Event "Anapa (Women)"]
[Site "Anapa"]
[Date "2009.09.05"]
[Round "8"]
[White "Tarleva, Vira"]
[Black "Mokhna, Natalia"]
[Result "1/2-1/2"]
[WhiteElo "2102"]
[BlackElo "2161"]
[PlyCount "113"]
[EventDate "2009.08.30"]
[EventType "tourn"]
[EventRounds "13"]
[EventCountry "RUS"]
[SourceTitle "CBM 132 Extra"]
[Source "ChessBase"]
[SourceDate "2009.11.03"]
[SourceVersion "1"]
[SourceVersionDate "2009.11.03"]
[SourceQuality "1"]

1. e4 d6 2. d4 Nf6 3. Nc3 Nbd7 4. Nf3 e5 5. Bc4 Be7 6. Bg5 c6 7. Bb3 b5 8. Bxf6 Bxf6 9. dxe5 Nxe5 10. Nd4 Qb6 11. 0-0 0-0 12. Nde2 a5 13. a3 Rd8 14. h3 Nc4 15. Rb1 d5 16. exd5 Bb7 17. Bxc4 bxc4 18. Ne4 Be5 19. b3 cxd5 20. bxc4 Qc6 21. cxd5 Rxd5 22. Qc1 f5 23. c4 Rd3 24. Rxb7 Qxe4 25. Qc2 Rad8 26. Rb5 Bh2+ 27. Kh1 Bc7 28. Kg1 Qh4 29. Rd5 Qe4 30. Nc3 Qxc4 31. Qxd3 Qxd3 32. Rxd3 Rxd3 33. Nb5 Be5 34. Rc1 Kf7 35. Kf1 Rb3 36. Rc5 Ke6 37. f4 Bb2 38. Ke2 a4 39. g4 fxg4 40. hxg4 h6 41. Nc7+ Kd6 42. Rc4 Bxa3 43. Ne8+ Kd7 44. Nxg7 Bf8 45. Rxa4 Bxg7 46. Ra7+ Ke6 47. Rxg7 Kf6 48. Rg8 Kf7 49. Ra8 Rg3 50. Ra7+ Kf6 51. Ra6+ Kg7 52. Kf2 Rxg4 53. Kf3 h5 54. f5 Rb4 55. Kg3 h4+ 56. Kh3 Rf4 57. f6+ 1/2-1/2

[Event "Anapa2"]
[Site "Anapa"]
[Date "2008.09.11"]
[Round "5"]
[White "Stambulian, Arsen"]
[Black "Mokhna, Natalia"]
[Result "1-0"]
[WhiteElo "2393"]
[BlackElo "2137"]
[PlyCount "83"]
[EventDate "2008.09.09"]
[EventType "tourn"]
[EventRounds "11"]
[EventCountry "RUS"]
[EventCategory "4"]
[SourceTitle "EXT 2010"]
[Source "ChessBase"]
[SourceDate "2010.11.25"]
[SourceVersion "1"]
[SourceVersionDate "2010.11.25"]
[SourceQuality "1"]

1. e4 e6 2. d4 d5 3. Nc3 Nf6 4. Bg5 dxe4 5. Nxe4 Be7 6. Bxf6 gxf6 7. Bc4 b6 8. d5 exd5 9. Bxd5 c6 10. Bc4 Qxd1+ 11. Rxd1 Be6 12. Bxe6 fxe6 13. Nf3 Kf7 14. 0-0 Na6 15. Nd6+ Kg6 16. Rfe1 e5 17. Nh4+ Kg5 18. f4+ Kxh4 19. Nf5+ Kg4 20. Nxe7 Rhe8 21. Nxc6 Kxf4 22. Rd7 h5 23. Rf1+ Kg5 24. Rg7+ Kh6 25. Rf7 Re6 26. R1xf6+ Rxf6 27. Rxf6+ Kg7 28. Rd6 e4 29. Kf2 Nc5 30. Ke3 a5 31. Nd4 Rb8 32. Ne6+ Nxe6 33. Rxe6 Kf7 34. Rh6 Rc8 35. c3 Rd8 36. Rxh5 Rd1 37. Rf5+ Ke6 38. Rb5 Re1+ 39. Kd4 Re2 40. g4 Rxh2 41. Rxb6+ Kf7 42. Kxe4 1-0

[Event "RUS-ch (Women) 1st League 58th"]
[Site "Smolensk"]
[Date "2008.02.27"]
[Round "1"]
[White "Shabrina, Tatiana"]
[Black "Mokhna, Natalia"]
[Result "1/2-1/2"]
[WhiteElo "1903"]
[BlackElo "2183"]
[PlyCount "98"]
[EventDate "2008.02.27"]
[EventType "swiss"]
[EventRounds "9"]
[EventCountry "RUS"]
[SourceTitle "CBM 123 Extra"]
[Source "ChessBase"]
[SourceDate "2008.05.06"]
[SourceVersion "1"]
[SourceVersionDate "2008.05.06"]
[SourceQuality "1"]

1. e4 e6 2. d4 d5 3. Nc3 Bb4 4. e5 c5 5. a3 Bxc3+ 6. bxc3 Nc6 7. f4 Qa5 8. Bd2 Qa4 9. Be3 Nge7 10. Nf3 Nf5 11. Bf2 Qa5 12. Qd2 cxd4 13. cxd4 Qxd2+ 14. Kxd2 h5 15. Bd3 Nfe7 16. Ng1 Bd7 17. Ne2 Na5 18. Nc3 Nc4+ 19. Ke2 Rc8 20. Be1 Nc6 21. Bxc4 Nxd4+ 22. Kd3 Rxc4 23. Bf2 Nc6 24. g3 b6 25. a4 Na5 26. Nb5 Bxb5 27. axb5 Kd7 28. Be1 Rhc8 29. Bxa5 bxa5 30. Rxa5 Rc3+ 31. Kd2 Rxc2+ 32. Kd3 R8c7 33. Rha1 R2c3+ 34. Kd2 Rb3 35. Rxa7 Rxb5 36. Rxc7+ Kxc7 37. Ra7+ Rb7 38. Ra6 g6 39. Kc3 Kd7 40. Kc2 Rc7+ 41. Kd2 Kc8 42. h3 Kb7 43. Rd6 Kc8 44. h4 Ra7 45. Ke3 Kc7 46. Ke2 Ra3 47. Kf2 Rb3 48. Ra6 Kb7 49. Rd6 Kc7 1/2-1/2

[Event "Anapa-A"]
[Site "Anapa"]
[Date "2006.09.??"]
[Round "?"]
[White "Magomedov, Murad"]
[Black "Mokhna, Natalia"]
[Result "0-1"]
[WhiteElo "2298"]
[BlackElo "2161"]
[PlyCount "82"]
[EventDate "2006.09.??"]
[EventType "tourn"]
[EventRounds "11"]
[EventCountry "RUS"]
[EventCategory "1"]
[SourceTitle "EXT 2010"]
[Source "ChessBase"]
[SourceDate "2010.11.25"]
[SourceVersion "1"]
[SourceVersionDate "2010.11.25"]
[SourceQuality "1"]

1. d4 Nf6 2. c4 g6 3. Nc3 d5 4. Nf3 Bg7 5. g3 0-0 6. cxd5 Nxd5 7. Bg2 Nc6 8. 0-0 Bf5 9. e3 Ndb4 10. e4 Bg4 11. d5 Ne5 12. a3 Na6 13. h3 Nxf3+ 14. Bxf3 Bxh3 15. Re1 e6 16. Be3 exd5 17. Nxd5 Bxb2 18. Rb1 Bg7 19. Rxb7 Bc8 20. Rb1 c6 21. Nf4 Re8 22. Qxd8 Rxd8 23. e5 Bd7 24. Red1 Bxe5 25. Rxd7 Rxd7 26. Bxc6 Rad8 27. Bxd7 Rxd7 28. Rb5 Bd4 29. Ra5 Bxe3 30. Rxa6 Bxf4 31. gxf4 Kg7 32. Kg2 h5 33. Kg3 Rd3+ 34. Kh4 Rf3 35. Rxa7 Rxf4+ 36. Kg3 g5 37. a4 Kg6 38. a5 h4+ 39. Kg2 g4 40. a6 h3+ 41. Kg3 Kg5 0-1

[Event "Anapa-A"]
[Site "Anapa"]
[Date "2006.09.??"]
[Round "?"]
[White "Mokhna, Natalia"]
[Black "Kalenik, Roman"]
[Result "1/2-1/2"]
[WhiteElo "2161"]
[BlackElo "2378"]
[PlyCount "67"]
[EventDate "2006.09.??"]
[EventType "tourn"]
[EventRounds "11"]
[EventCountry "RUS"]
[EventCategory "1"]
[SourceTitle "EXT 2010"]
[Source "ChessBase"]
[SourceDate "2010.11.25"]
[SourceVersion "1"]
[SourceVersionDate "2010.11.25"]
[SourceQuality "1"]

1. e4 c6 2. d3 d5 3. Nd2 e5 4. Ngf3 Bd6 5. d4 exd4 6. Nxd4 dxe4 7. Nxe4 Be5 8. Be3 Nf6 9. Nxf6+ Bxf6 10. c3 Nd7 11. Nf5 0-0 12. Nd6 Ne5 13. Nxc8 Qxc8 14. Be2 Rd8 15. Qc2 Ng4 16. Bxg4 Qxg4 17. 0-0 Qc4 18. Qb3 Qxb3 19. axb3 a6 20. Rfd1 Rxd1+ 21. Rxd1 Rd8 22. Rxd8+ Bxd8 23. Kf1 f5 24. Ke2 Kf7 25. f3 Ke6 26. Kd3 Kd5 27. Bd4 g6 28. Be3 Bf6 29. Bf2 b5 30. b4 Be7 31. b3 h5 32. Be3 Bd6 33. h3 Ke5 34. Bd2 1/2-1/2

[Event "Stepanov Memorial op"]
[Site "Sochi"]
[Date "2005.10.??"]
[Round "3"]
[White "Mokhna, Natalia"]
[Black "Gutkis, Vladimir"]
[Result "1/2-1/2"]
[WhiteElo "2200"]
[BlackElo "2276"]
[PlyCount "65"]
[EventDate "2005.10.13"]
[EventType "swiss"]
[EventRounds "9"]
[EventCountry "RUS"]
[SourceTitle "EXT 2007"]
[Source "ChessBase"]
[SourceDate "2006.11.23"]
[SourceVersion "1"]
[SourceVersionDate "2006.11.23"]
[SourceQuality "1"]

1. e4 d6 2. d4 Nf6 3. Nc3 c6 4. g3 Bg4 5. f3 Bh5 6. Bg2 Qa5 7. Bd2 Qb6 8. Nge2 e5 9. Be3 Nbd7 10. dxe5 Qxe3 11. exf6 Bxf3 12. Bxf3 Qxf3 13. Rf1 Qe3 14. fxg7 Bxg7 15. Qxd6 Bxc3+ 16. bxc3 0-0-0 17. Qd4 Qh6 18. Qxa7 Qxh2 19. Rb1 b5 20. Qa8+ Kc7 21. Qa7+ Kc8 22. a4 Ne5 23. axb5 Qh6 24. Qa8+ Kd7 25. Rd1+ Kc7 26. b6+ Kxb6 27. Rb1+ Kc7 28. Qb7+ Kd6 29. Rd1+ Ke6 30. Nf4+ Kf6 31. Nh5+ Ke6 32. Nf4+ Kf6 33. Nh5+ 1/2-1/2

[Event "Stepanov Memorial op"]
[Site "Sochi"]
[Date "2005.10.??"]
[Round "4"]
[White "Pravdiuk, Vladimir P"]
[Black "Mokhna, Natalia"]
[Result "1-0"]
[WhiteElo "2304"]
[BlackElo "2200"]
[PlyCount "47"]
[EventDate "2005.10.13"]
[EventType "swiss"]
[EventRounds "9"]
[EventCountry "RUS"]
[SourceTitle "EXT 2007"]
[Source "ChessBase"]
[SourceDate "2006.11.23"]
[SourceVersion "1"]
[SourceVersionDate "2006.11.23"]
[SourceQuality "1"]

1. e4 e5 2. Nf3 Nc6 3. d4 exd4 4. Bc4 Be7 5. c3 Nf6 6. e5 Ne4 7. Bd5 Ng5 8. Nxg5 Bxg5 9. Qh5 Qe7 10. Qxg5 Qxg5 11. Bxg5 dxc3 12. Nxc3 Nxe5 13. 0-0-0 f6 14. Rhe1 c6 15. Bb3 Kf8 16. Bf4 Nf7 17. Bd6+ Nxd6 18. Rxd6 b5 19. Re3 a5 20. a4 b4 21. Ne2 Ra7 22. Ng3 h5 23. Nf5 Ba6 24. Re7 1-0

[Event "Krasnodar South Region-ch"]
[Site "Krasnodar"]
[Date "2005.02.??"]
[Round "?"]
[White "Mokhna, Natalia"]
[Black "Kiriushin, Vladimir"]
[Result "1/2-1/2"]
[WhiteElo "2200"]
[BlackElo "2172"]
[PlyCount "104"]
[EventDate "2005.02.??"]
[EventType "swiss"]
[EventRounds "9"]
[EventCountry "RUS"]
[SourceTitle "EXT 2006"]
[Source "ChessBase"]
[SourceDate "2005.11.24"]
[SourceVersion "1"]
[SourceVersionDate "2005.11.24"]
[SourceQuality "1"]

1. e4 e5 2. Nf3 Nc6 3. Bc4 Nf6 4. d3 Be7 5. c3 d5 6. exd5 Nxd5 7. h3 0-0 8. 0-0 Bf5 9. Bb3 Bf6 10. Bc2 Re8 11. Nbd2 Qd7 12. Ne4 Be7 13. Re1 Bg6 14. Ng3 Bc5 15. Nh4 Rad8 16. Nxg6 hxg6 17. Ne4 Bb6 18. a3 Nf6 19. Ng5 Re7 20. Qf3 Rde8 21. Qg3 Nd8 22. Be3 Qb5 23. b4 Qc6 24. Bd2 a5 25. Qh4 Qd6 26. Re2 c6 27. Rae1 Bc7 28. Ne4 Nxe4 29. dxe4 Bb6 30. Bg5 f6 31. Bc1 Qe6 32. Qg3 g5 33. Rd1 Qc4 34. Red2 Ne6 35. Qd3 Qxd3 36. Rxd3 Rd8 37. Rxd8+ Nxd8 38. Bb3+ Kf8 39. c4 axb4 40. axb4 Bd4 41. c5 Rd7 42. Bb2 Ke7 43. Bxd4 exd4 44. Rd3 Ne6 45. g3 Nf8 46. f4 gxf4 47. gxf4 Ne6 48. Bxe6 Kxe6 49. Kf2 g5 50. Kf3 gxf4 51. Kxf4 Rh7 52. Rxd4 Rxh3 1/2-1/2

[Event "Krasnodar 11"]
[Site "Krasnodar"]
[Date "2004.11.??"]
[Round "7"]
[White "Bedia, Melor"]
[Black "Mokhna, Natalia"]
[Result "1/2-1/2"]
[WhiteElo "2164"]
[BlackElo "2184"]
[PlyCount "96"]
[EventDate "2004.11.??"]
[EventType "swiss"]
[EventRounds "11"]
[EventCountry "RUS"]
[SourceTitle "EXT 2006"]
[Source "ChessBase"]
[SourceDate "2005.11.24"]
[SourceVersion "1"]
[SourceVersionDate "2005.11.24"]
[SourceQuality "1"]

1. d4 Nf6 2. c4 g6 3. Nc3 d5 4. cxd5 Nxd5 5. e4 Nxc3 6. bxc3 Bg7 7. Bc4 c5 8. Ne2 0-0 9. Be3 cxd4 10. cxd4 Nc6 11. 0-0 Bg4 12. f3 Na5 13. Bd3 Be6 14. d5 Bxa1 15. Qxa1 f6 16. Rb1 Bd7 17. h4 b6 18. h5 Rc8 19. hxg6 hxg6 20. Rb4 Qc7 21. Kf2 Kg7 22. Ba6 Rb8 23. Nd4 b5 24. Bxb5 Qd6 25. Rb1 Bxb5 26. Nxb5 Qe5 27. Qxe5 fxe5 28. Bxa7 Rb7 29. a4 Rc8 30. Be3 Rc2+ 31. Kg3 Nc4 32. Bg5 Kf7 33. Rh1 Kg7 34. Ra1 Nb2 35. Ra2 Kf7 36. Kh3 Rb8 37. f4 exf4 38. Bxf4 Ra8 39. Be5 Rxa4 40. Na3 Rxa3+ 41. Rxa3 Nc4 42. Rf3+ Ke8 43. Rc3 Rxc3+ 44. Bxc3 Nd6 45. e5 Nb5 46. Ba5 Na3 47. Bb6 Nb5 48. Ba5 Na3 1/2-1/2

[Event "Krasnodar Stepanov Memorial op"]
[Site "Krasnodar"]
[Date "2004.10.??"]
[Round "3"]
[White "Mokhna, Natalia"]
[Black "Pudovkin, Dmitry"]
[Result "1-0"]
[WhiteElo "2184"]
[BlackElo "2332"]
[PlyCount "49"]
[EventDate "2004.10.??"]
[EventType "swiss"]
[EventRounds "9"]
[EventCountry "RUS"]
[SourceTitle "EXT 2006"]
[Source "ChessBase"]
[SourceDate "2005.11.24"]
[SourceVersion "1"]
[SourceVersionDate "2005.11.24"]
[SourceQuality "1"]

1. e4 c5 2. c3 g6 3. Bc4 Bg7 4. Nf3 e6 5. 0-0 d5 6. exd5 exd5 7. Bb5+ Bd7 8. Qe2+ Ne7 9. Re1 c4 10. Bxd7+ Qxd7 11. b3 Nbc6 12. bxc4 0-0 13. Na3 Rfe8 14. Bb2 a6 15. d4 dxc4 16. Nxc4 Nd5 17. Qd2 b5 18. Nce5 Nxe5 19. Nxe5 Bxe5 20. dxe5 Qe6 21. Rad1 Nb6 22. Bc1 Na4 23. Qg5 Re7 24. h4 Rae8 25. h5 1-0

[Event "Krasnodar Stepanov Memorial op"]
[Site "Krasnodar"]
[Date "2004.10.??"]
[Round "1"]
[White "Skorchenko, Dmitry"]
[Black "Mokhna, Natalia"]
[Result "1-0"]
[WhiteElo "2478"]
[BlackElo "2184"]
[PlyCount "113"]
[EventDate "2004.10.??"]
[EventType "swiss"]
[EventRounds "9"]
[EventCountry "RUS"]
[SourceTitle "EXT 2006"]
[Source "ChessBase"]
[SourceDate "2005.11.24"]
[SourceVersion "1"]
[SourceVersionDate "2005.11.24"]
[SourceQuality "1"]

1. e4 e6 2. d4 d5 3. Nc3 Bb4 4. e5 c5 5. a3 Bxc3+ 6. bxc3 Qa5 7. Bd2 Qa4 8. Qb1 c4 9. Nh3 Nc6 10. Nf4 g6 11. h4 Nge7 12. h5 g5 13. Nh3 h6 14. g4 Bd7 15. Be2 0-0-0 16. 0-0 Rdf8 17. f4 gxf4 18. Bxf4 Qa5 19. Rf3 Rfg8 20. Nf2 Rh7 21. Qc1 Qd8 22. Rg3 Qf8 23. Qd2 Na5 24. Rf1 Ba4 25. Nd1 Bd7 26. Ne3 Nac6 27. Rf2 Rgh8 28. Rfg2 Rg8 29. g5 Rhg7 30. Kf2 hxg5 31. Bxg5 Rxg5 32. Rxg5 Rxg5 33. Rxg5 f6 34. Rg2 fxe5+ 35. Kg1 exd4 36. cxd4 Qh8 37. c3 Nd8 38. Qe1 Nf7 39. Qg3 Qh6 40. Kh2 Be8 41. Qh4 Kd7 42. Ng4 Qf4+ 43. Qg3 Qxg3+ 44. Rxg3 Nf5 45. Rg1 Ke7 46. Ne5 N7h6 47. Kh3 b5 48. Bg4 Ne3 49. Re1 Nc2 50. Ng6+ Kf7 51. Rf1+ Kg7 52. Bxe6 Bxg6 53. Rg1 Nxa3 54. Rxg6+ Kh7 55. Bxd5 Nb1 56. Rg3 Kh8 57. Bc6 1-0

[Event "Chigorin Memorial-B 10th"]
[Site "St Petersburg"]
[Date "2002.11.02"]
[Round "8"]
[White "Bryndin, Alexey"]
[Black "Mokhna, Natalia"]
[Result "1-0"]
[WhiteElo "2274"]
[BlackElo "2181"]
[PlyCount "51"]
[EventDate "2002.10.25"]
[EventType "swiss"]
[EventRounds "9"]
[EventCountry "RUS"]
[SourceTitle "EXT 2003"]
[Source "ChessBase"]
[SourceDate "2002.11.25"]
[SourceVersion "1"]
[SourceVersionDate "2002.11.25"]
[SourceQuality "1"]

1. Nf3 Nf6 2. g3 g6 3. Bg2 Bg7 4. 0-0 d5 5. c4 0-0 6. d4 c6 7. cxd5 cxd5 8. Ne5 Nc6 9. Nc3 e6 10. Bg5 h6 11. Bxf6 Bxf6 12. f4 Qb6 13. e3 Qxb2 14. Rc1 Nxe5 15. fxe5 Bg5 16. Qd3 h5 17. Rc2 Qa3 18. e4 Bd7 19. exd5 exd5 20. Bxd5 Bf5 21. Rxf5 gxf5 22. Qxf5 Be3+ 23. Kg2 Qa6 24. Ne4 Kg7 25. Nd6 Rad8 26. Qf6+ 1-0

[Event "Chigorin Memorial-B 10th"]
[Site "St Petersburg"]
[Date "2002.11.01"]
[Round "7"]
[White "Mokhna, Natalia"]
[Black "Sudakova, Irina"]
[Result "0-1"]
[WhiteElo "2181"]
[BlackElo "2345"]
[PlyCount "94"]
[EventDate "2002.10.25"]
[EventType "swiss"]
[EventRounds "9"]
[EventCountry "RUS"]
[SourceTitle "EXT 2003"]
[Source "ChessBase"]
[SourceDate "2002.11.25"]
[SourceVersion "1"]
[SourceVersionDate "2002.11.25"]
[SourceQuality "1"]

1. e4 e5 2. Nf3 Nf6 3. Nxe5 d6 4. Nc4 Nxe4 5. Nc3 Nxc3 6. bxc3 d5 7. Ne3 c6 8. d4 Bd6 9. Bd3 0-0 10. 0-0 f5 11. f4 Be6 12. g4 fxg4 13. f5 Qh4 14. Nxg4 Bf7 15. Bf4 Bxf4 16. Rxf4 Qg5 17. Qf1 Nd7 18. Kh1 Nf6 19. Ne5 Rae8 20. Re1 c5 21. Nxf7 Qxf4 22. Qxf4 Rxe1+ 23. Kg2 Rxf7 24. dxc5 Re8 25. c4 Kh8 26. cxd5 Nxd5 27. Qa4 Rfe7 28. Qxa7 b6 29. Qa3 bxc5 30. Qxc5 Nf4+ 31. Kf3 Nxd3 32. cxd3 Re5 33. Qc6 Rxf5+ 34. Kg4 Ref8 35. a4 Rf4+ 36. Kg3 Rd4 37. a5 Rxd3+ 38. Kg2 Ra3 39. a6 Rd8 40. Kf2 Rb8 41. Qc1 Rxa6 42. h4 h6 43. Kf3 Rb3+ 44. Ke4 Ra4+ 45. Kd5 Rb8 46. Qc7 Rf8 47. h5 Ra5+ 0-1